| 000 | 00505nam a2200193 a 4500 | ||
|---|---|---|---|
| 001 | 2895 | ||
| 003 | CO-ViMGA | ||
| 008 | 141112s2004 ck r 000 u spa d | ||
| 020 | _a9507010556 | ||
| 040 |
_aCO-ViMGA _bspa _cCO-ViMGA |
||
| 082 | 0 | 4 | _a372.4044 T397 |
| 245 | 1 | 0 |
_aEl texto expositivo : _bestrategias para su comprensión |
| 250 | _a2a | ||
| 260 |
_aBuenos Aires : _bAique, _c1990 |
||
| 300 | _a91 p | ||
| 490 | _aEstrategias de aula | ||
| 650 | 1 | 4 |
_aCULTURA - TECNICAS _952028 |
| 942 |
_2ddc _cBK |
||
| 999 |
_c14963 _d14963 |
||